Catàleg del Col·legi de Periodistes de Catalunya

Propaganda y pueblo (Registre núm. 3255)

000 -CABECERA
Longitud fija campo de control 00523nam a2200193 a 4500
001 - NÚMERO DE CONTROL
Número de control 3255
003 - IDENTIFICADOR DEL NÚMERO DE CONTROL
Identificador del número de control CDMR
005 - FECHA Y HORA DE LA ÚLTIMA TRANSACCIÓN
Fecha y hora de la última transacción 20131121130542.0
008 - CÓDIGOS DE INFORMACIÓN DE LONGITUD FIJA
Códigos de información de longitud fija 130130s1971||||||||||||||||||||||||||||d
040 ## - FUENTE DE LA CATALOGACIÓN
Centro catalogador de origen CDMR
Lengua de catalogación cat
Centro transcriptor CDMR
100 1# - PUNTO DE ACCESO PRINCIPAL-NOMBRE DE PERSONA
Nombre de persona Merchan Díaz, Manuel
9 (RLIN) 2354
245 10 - MENCIÓN DE TÍTULO
Título Propaganda y pueblo
Mención de responsabilidad, etc. Manuel Merchán Diaz
260 ## - PUBLICACIÓN, DISTRIBUCIÓN, ETC. (PIE DE IMPRENTA)
Lugar de publicación, distribución, etc. Madrid
Fecha de publicación, distribución, etc. 1971
Nombre del editor, distribuidor, etc. L'autor
300 ## - DESCRIPCIÓN FÍSICA
Extensión 80 p ;
Dimensiones 16 cm
650 04 - PUNTO DE ACCESO ADICIONAL DE MATERIA - TÉRMINO DE MATERIA
9 (RLIN) 3177
Término de materia o nombre geográfico como elemento inicial Propaganda
650 04 - PUNTO DE ACCESO ADICIONAL DE MATERIA - TÉRMINO DE MATERIA
9 (RLIN) 2537
Término de materia o nombre geográfico como elemento inicial Opinió pública
650 04 - PUNTO DE ACCESO ADICIONAL DE MATERIA - TÉRMINO DE MATERIA
9 (RLIN) 2305
Término de materia o nombre geográfico como elemento inicial Comunicació
Subdivisión de materia general Aspectes polítics
942 ## - ENTRADA DE ELEMENTOS AGREGADOS (KOHA)
Koha [por defecto] tipo de item Monografies
Fuente de clasificaión o esquema
Fons
Suprimido Perdido Estropeado No para préstamo Localización permanente Localización actual Fecha adquisición Signatura completa Código de barras Fecha última consulta Fecha del precio de reemplazo Tipo de item de Koha
        Centre de Documentació Montserrat Roig Centre de Documentació Montserrat Roig 2013-01-16 Ck 3/12 CDMR13119975 2013-01-16 2013-01-16 Monografies

Implantat amb Koha